000 00446nam a2200169 a 4500
020 _a0697243605
040 _cDLC
082 0 0 _a578 WMC 1997 A062 Or.
100 1 _aCastro, Peter.
245 1 0 _aMarine biology /
250 _a2nd ed.
260 _aDubuque, IA :
_bWm. C. Brown Publishers,
_cc1997.
300 _axiv, 450 p. :
_bill. (some col.), col. maps ;
_c28 cm.
650 0 _aMarine biology.
700 1 _aHuber, Michael E.
942 _cEK
999 _c15310
_d15310